Statistics for Movie Title Antonyms #2

Click here to take the quiz!

General Stats

  • This quiz has been taken 64,374 times
    (43,819 since last reset)
  • The average score is 14 of 24

Answer Stats

AntonymsMovie Title% Correct
The Slow and the CalmThe Fast and the Furious
95%
The Day of the Dying LivingThe Night of the Living Dead
88%
GivenTaken
87%
Many Bad WomenA Few Good Men
79%
Ugly ManPretty Woman
77%
ThawedFrozen
74%
Celibacy and the CountrysideSex and the City
72%
PreyPredator
71%
It's a Horrible DeathIt's a Wonderful Life
68%
Sane, Intelligent, HateCrazy, Stupid, Love
64%
ArachnophiliaArachnophobia
57%
Warm WalkingsCool Runnings
56%
White Dove UpBlack Hawk Down
55%
Here BoyGone Girl
49%
Demons in the InfieldAngels in the Outfield
48%
Richfront ValleyBrokeback Mountain
48%
Humility and ImpartialityPride and Prejudice
42%
WeightlessnessGravity
41%
Construction WomanDemolition Man
36%
Ambiguous and Distant SafetyClear and Present Danger
34%
Your Unjust LordMy Fair Lady
31%
Partial ForgetfullnessTotal Recall
31%
Survivable RepulsionFatal Attraction
25%
First Idleness VillainLast Action Hero
23%

Score Distribution

Percentile by Number Answered

Percent of People with Each Score

Your Score History

You have not taken this quiz since the last reset